000 00934nam0a22002771 4500
001 v19\rc\1720665
005 20250619040729.0
035 _a(NLR Aleph) 004818452
090 _a4995217
_c4995217
100 _a20061002d1901 |||y0rusy50 ca
101 0 _arus
102 _aRU
105 _ay z |||||
200 1 _aПутешествие в Иерусалим
_fА.К. Алейникова
210 _aЕкатеринослав
_cтип. Братства св. Владимира
_d1901
215 _a276 с.
_d21
300 _aВ конце текста: чл.-сотрудник Православного Палестинского о-ва А.К. Алейникова
700 1 _aАлейникова
_bА.К.
801 0 _aRU
_bNLR
_gpsbo
801 0 _aRU
_bRuMoRGB
_2psbo
801 1 _aRU
_bProSoft-M
_2rusmarc
852 _aNLR
_j20.110.1.14
899 _aRuMoRGB
_jA 263/978
899 _aБАН
942 _cBOOK
980 _aNB